00891nam a2200217 a 450000100100000000500170001000800410002704000250006808200250009310000280011824500800014625000110022626000470023730000210028450400730030565000590037865000640043791000410050195201160054299900150065800000583720200929151814.0090824s1999 dr 000 0 spa d aDO-SdBNPbspacBNPHU a346.065bT273s, 19991 aTellado, Antonio91648614aLas sociedades comerciales en la República Dominicana /cAntonio Tellado. a2a ed. aSanto Domingo :bLa Filantrópica,c1999. a455 p. ;c23 cm. aIncluye referencias bibliográficas y notas al pie de las páginas 4aEmpresasxLegislaciónzRepública Dominicana916487 4aCompañíasxLegislaciónzRepública Dominicana910073 aValidado. Control de calidad MMOLINA 0010718PDaPDbPDcCTd2009-08-24iLF1l0o346.065 T273sp5837-10r2020-06-25w2020-06-25yLFPDZNo se presta c5633d5633